000 00515nam a2200181Ia 4500
003 OSt
005 20260326143524.0
008 190216s9999||||xx |||||||||||||| ||und||
020 _a9789380081595
040 _coclc
082 _a956.94205
_bBAR/G
100 _aBaroud, Ramzy
_97948
245 0 _aGaza Parajutheeratha Kathakal /
_cRamzy Baroud
260 _bOther Books,
_c2016.
_aCalicut:
300 _a279p
650 _aKathakal
942 _cBK
_2ddc
_h956.94205
_iBAR/G
_k956.94205
_mBAR/G
999 _c30215
_d30215